[Event "ch-CUB sf"]
[Site "Santa Clara CUB"]
[Date "2006.02.07"]
[Round "3"]
[White "De la Paz,F"]
[Black "Gongora,M"]
[Result "1/2-1/2"]
[WhiteElo "2445"]
[BlackElo "2489"]

1.e4 c5 2.Nf3 Nc6 3.Bb5 Nf6 4.Bxc6 dxc6 5.d3 Nd7 6.Nc3 e5 7.Be3 Bd6 8.O-O Nf8
9.Nd2 Ne6 10.a3 O-O 11.Ne2 b6 12.Kh1 a5 13.f4 exf4 14.Nxf4 Nxf4 15.Bxf4 Be6
16.e5 Be7 17.Qf3 a4 18.Rae1 b5 19.Ne4 Bd5 20.Qg3 Bh4 21.Nf6+ Qxf6 22.exf6 Bxg3
23.Bxg3 Rfe8 24.fxg7 Rxe1 25.Rxe1 Kxg7 26.Bd6 c4 27.d4 Rd8 28.Bf4 Rg8 29.Kg1 f6
30.Bd6 Kg6 31.Kf2 Kf5 32.g3 Kg6 33.Re7 Rg7 34.Rxg7+ Kxg7  1/2-1/2

[Event "ch-UKR b-20"]
[Site "Lviv UKR"]
[Date "2006.02.08"]
[Round "7"]
[White "Aveskulov,V"]
[Black "Pavlov,S2"]
[Result "1-0"]
[WhiteElo "2504"]
[BlackElo "2453"]

1.e4 c5 2.Nf3 Nc6 3.Bb5 d6 4.O-O Bd7 5.Re1 a6 6.Bxc6 Bxc6 7.d4 cxd4 8.Nxd4 Bd7
9.Bg5 Qa5 10.Bh4 e6 11.Nc3 Nf6 12.Nf5 Qb4 13.Qf3 exf5 14.Nd5 Qc4 15.Nxf6+ gxf6
16.exf5+ Kd8 17.Qxb7 Qxh4 18.Qxa8+ Kc7 19.Qa7+ Kc8 20.Qxa6+ Kc7 21.Qa7+ Kc8
22.Re3 Bc6 23.Rb3  1-0

[Event "ch-CZE"]
[Site "Brno CZE"]
[Date "2006.02.09"]
[Round "3"]
[White "Voloshin,L"]
[Black "Cvek,R"]
[Result "1/2-1/2"]
[WhiteElo "2466"]
[BlackElo "2498"]

1.e4 c5 2.Nf3 Nc6 3.Bb5 g6 4.O-O Bg7 5.c3 Nf6 6.Re1 O-O 7.d4 cxd4 8.cxd4 d5
9.e5 Ne4 10.Nc3 Nxc3 11.bxc3 Na5 12.Bg5 h6 13.Be3 Bg4 14.h3 Bxf3 15.Qxf3 Rc8
16.Bd2 Nc4 17.Bxc4 Rxc4 18.e6 fxe6 19.Qg4 e5 20.Qxg6 Qd6 21.Qxd6 exd6 22.dxe5 dxe5
23.a4 e4 24.Ra3 Rfc8 25.Rb1 Bf8 26.Ra2 b6 27.a5 Bc5 28.axb6 Bxb6 29.Rb5 R8c5
30.Rab2 Kf7 31.Be3 Rxb5 32.Rxb5 Bxe3 33.fxe3 Ke6 34.Ra5 Rxc3 35.Kf2 Rc2+
36.Kf1 h5 37.Rxa7 Rc1+ 38.Kf2 Rc2+  1/2-1/2

[Event "ch-UKR g-20"]
[Site "Lviv UKR"]
[Date "2006.02.09"]
[Round "8"]
[White "Muzychuk,M"]
[Black "Breslavska,G"]
[Result "1-0"]
[WhiteElo "2167"]
[BlackElo "2102"]

1.e4 c5 2.Nf3 Nc6 3.Bb5 Nd4 4.Nxd4 cxd4 5.O-O g6 6.c3 dxc3 7.Nxc3 Bg7 8.d4 a6
9.Bc4 e6 10.e5 d6 11.exd6 Nf6 12.d5 e5 13.f4 O-O 14.fxe5 Ng4 15.d7 Qb6+ 16.Kh1 Bxd7
17.e6 Nf2+ 18.Rxf2 Qxf2 19.exd7 Qf5 20.Be3 Qxd7 21.Bd4 f5 22.Bxg7 Qxg7 23.d6+ Kh8
24.Nd5 Rad8 25.Nf4 Qe5 26.Ne6 Rxd6 27.Nxf8 Rxd1+ 28.Rxd1 Qxb2 29.Ne6 h5 30.Bb3 a5
31.h4 Qf2 32.Rd8+ Kh7 33.Ng5+ Kg7 34.Rd7+ Kf8 35.Nh7+  1-0

[Event "ch-GER"]
[Site "Osterburg GER"]
[Date "2006.02.09"]
[Round "7"]
[White "Schunk,E"]
[Black "Brener,I"]
[Result "1/2-1/2"]
[WhiteElo "2349"]
[BlackElo "2323"]

1.e4 c5 2.Nf3 Nc6 3.Bb5 g6 4.O-O Bg7 5.Nc3 e5 6.Bc4 Nf6 7.d3 d6 8.Ng5 O-O
9.f4 Bg4 10.Qe1 exf4 11.Bxf4 Qd7 12.h3 Be6 13.Nxe6 fxe6 14.Qd2 Nh5 15.Bh2 Nd4
16.a4 a6 17.a5 Rxf1+ 18.Rxf1 Rf8 19.Rxf8+ Bxf8 20.Ne2 Bg7 21.c3 Nxe2+ 22.Qxe2 Be5
23.Qg4 Bxh2+ 24.Kxh2 Ng7 25.Kg1 Qe7 26.Qf4 Ne8 27.g3 Kg7 28.Kg2 Qd7 29.Qg4 Nc7
30.Qg5 Ne8 31.Qg4 Nc7 32.Qg5 Ne8 33.Qg4  1/2-1/2

[Event "ch-CUB sf"]
[Site "Santa Clara CUB"]
[Date "2006.02.09"]
[Round "5"]
[White "Gonzalez,Y"]
[Black "Gongora,M"]
[Result "1-0"]
[WhiteElo "2511"]
[BlackElo "2489"]

1.e4 c5 2.Nf3 Nc6 3.Bb5 Nf6 4.Bxc6 dxc6 5.d3 Nd7 6.e5 Nb6 7.Nbd2 Bf5 8.O-O e6
9.b3 Be7 10.Bb2 a5 11.a4 Nd5 12.Ne4 b5 13.Nfd2 Nb6 14.Qf3 O-O 15.c4 Qb8 16.Bc3 b4
17.Bb2 Nd7 18.Qg3 f6 19.f4 Bg6 20.Nf3 Qe8 21.exf6 Nxf6 22.Nxf6+ Bxf6 23.Bxf6 gxf6
24.Nh4 Rd8 25.f5 exf5 26.Rae1 Qd7 27.Nxg6 hxg6 28.Qxg6+ Qg7 29.Qxf5 Qg5 30.Qe6+ Rf7
31.Re3 Rd6 32.Qc8+ Rf8 33.Qh3  1-0

[Event "ch-UKR g-20"]
[Site "Lviv UKR"]
[Date "2006.02.10"]
[Round "9"]
[White "Dolzhikova,K"]
[Black "Muzychuk,M"]
[Result "0-1"]
[WhiteElo "2284"]
[BlackElo "2167"]

1.e4 c5 2.Nf3 Nc6 3.Bb5 Qc7 4.Bxc6 Qxc6 5.Nc3 Nf6 6.Qe2 d6 7.h3 e5 8.d3 h6
9.O-O Be6 10.Be3 g5 11.Nd2 Rg8 12.Kh2 Be7 13.a4 h5 14.Nd1 h4 15.c3 g4 16.f4 Nh5
17.Qe1 exf4 18.Bxf4 gxh3 19.gxh3 Qd7 20.Ne3 Bxh3 21.Rf3 Nxf4 22.Rxf4 Bg5
23.Rf3 Bg4 24.Rf2 O-O-O 25.Nd5 Qe6 26.Nc4 h3 27.Qf1 Rg7 28.a5 Bh4 29.Rc2 a6
30.b4 f5 31.bxc5 Bg3+ 32.Kh1 fxe4 33.Re2 Qf7 34.Qxf7 Rxf7 35.Rb2 Bf3+ 36.Kg1 h2+
37.Rxh2 Bxh2+ 38.Kxh2 Rg7 39.Nxd6+ Kb8  0-1

[Event "ch-CUB sf"]
[Site "Santa Clara CUB"]
[Date "2006.02.11"]
[Round "7"]
[White "De la Paz,F"]
[Black "Hernandez,Rom"]
[Result "1/2-1/2"]
[WhiteElo "2445"]
[BlackElo "2371"]

1.e4 c5 2.Nf3 Nc6 3.Bb5 d6 4.O-O Bd7 5.c3 a6 6.Ba4 Nf6 7.Re1 b5 8.Bc2 Bg4
9.d3 e6 10.Nbd2 Be7 11.h3 Bh5 12.Nf1 d5 13.Qe2 d4 14.g4 Bg6 15.Ng3  1/2-1/2

[Event "ch-UKR b-20"]
[Site "Lviv UKR"]
[Date "2006.02.12"]
[Round "11"]
[White "Aveskulov,V"]
[Black "Vovk,Y"]
[Result "0-1"]
[WhiteElo "2504"]
[BlackElo "2414"]

1.e4 c5 2.Nf3 Nc6 3.Bb5 g6 4.Bxc6 bxc6 5.O-O Bg7 6.c3 Nh6 7.d4 cxd4 8.cxd4 O-O
9.h3 f6 10.Qc2 Nf7 11.Rd1 Qa5 12.Be3 f5 13.Nbd2 fxe4 14.Qxe4 e6 15.Rdc1 Nd6
16.Qg4 Nf5 17.Nb3 Qb6 18.Qe4 a5 19.Rc2 a4 20.Nbd2 Ba6 21.Re1 Rae8 22.Ne5 Qb7
23.b3 Bb5 24.Rcc1 d6 25.Nef3 Qa6 26.b4 e5 27.dxe5 Bxe5 28.Nxe5 Rxe5 29.Qg4 Rfe8
30.Nf3 Re4 31.Qg5 Kf7 32.Bd2 h6 33.Rxe4 hxg5 34.Nxg5+ Kf8 35.Nh7+ Kg7 36.Rxe8 Kxh7
37.Bc3 g5 38.Rce1 Bc4 39.g4 Nh6 40.h4 Ng8 41.h5 Qa7 42.Rf8 Qd7 43.f3 Bf7
44.a3 Qa7+ 45.Kg2 d5 46.Re5 d4 47.Bd2 Bd5 48.Bxg5 Qg7 49.Rff5 d3 50.Kf2 Qa7+
51.Be3 Qd7 52.Bd2 Ne7 53.Rf6 Ng8 54.Rff5 Be6 55.Rf4 Nf6 56.Kf1 Qd6 57.Ra5 Nd7
58.Rg5 Qe7 59.Rg6 Bf7 60.Rh6+ Kg7 61.Re4 Qh4 62.Kg2 Nf6 63.Rf4 Kxh6 64.Rxf6+ Kg7
65.Bc3 Qxf6 66.h6+ Kh7  0-1

[Event "ch-CUB sf"]
[Site "Santa Clara CUB"]
[Date "2006.02.13"]
[Round "9"]
[White "Gonzalez,Y"]
[Black "Hernandez,Rom"]
[Result "1/2-1/2"]
[WhiteElo "2511"]
[BlackElo "2371"]

1.e4 c5 2.Nf3 Nc6 3.Bb5 d6 4.Bxc6+ bxc6 5.O-O Bg4 6.h3 Bh5 7.e5 e6 8.exd6 Bxd6
9.d3 Nf6 10.Nbd2 O-O 11.Re1 Nd7 12.Nc4 Bc7 13.Bd2 Re8 14.g4 Bg6 15.Bc3 f6
16.Nfd2 Nb6 17.Ne4 Nxc4 18.dxc4 Bxe4 19.Rxe4 Qxd1+ 20.Rxd1 Rad8 21.Rxd8 Bxd8
22.Re3 Bc7 23.Kf1 Kf8 24.Ke2 Ke7 25.Bd2 Rb8 26.Ra3 Rxb2 27.Rxa7 Kd6 28.Kd3 Rb1
29.Ra3 Bb6 30.Rb3 Rxb3+ 31.cxb3 Bd8 32.a4 Be7 33.Ke4 Kc7 34.f4 Bd6 35.f5 e5
36.h4 h6 37.g5 h5 38.Ba5+ Kc8 39.Bd2 Kb7 40.Be3 Be7 41.g6 Ka6 42.Bd2 Bf8
43.Kd3 Be7 44.Bc3 Bd6 45.Ke4 Be7 46.Be1 Bd6  1/2-1/2

[Event "Premier"]
[Site "Portsmouth ENG"]
[Date "2006.02.18"]
[Round "2"]
[White "Rayner,F"]
[Black "Wells,P"]
[Result "0-1"]
[WhiteElo "2212"]
[BlackElo "2501"]

1.e4 c5 2.Nf3 Nc6 3.Bb5 g6 4.O-O Bg7 5.c3 Nf6 6.Re1 O-O 7.h3 e5 8.d3 d6 9.Bg5 h6
10.Bxf6 Bxf6 11.Nbd2 Ne7 12.Bc4 Bg7 13.Nf1 a6 14.a4 Bd7 15.Ne3 b5 16.Bb3 Bc6
17.Qc2 Qd7 18.Nd5 Bxd5 19.Bxd5 Nxd5 20.exd5 Rfb8 21.axb5 axb5 22.Qb3 Qb7
23.Nd2 f5 24.c4 b4 25.Reb1 h5 26.Nf3 Bf6 27.Qc2 Kg7 28.Qe2 Re8 29.h4 Qe7
30.g3 Rxa1 31.Rxa1 e4 32.dxe4 fxe4 33.Ng5 Bxg5 34.hxg5 Qxg5 35.Ra7+ Re7 36.Rxe7+ Qxe7
37.Kg2 Qe5 38.b3 Qd4 39.Qa2 e3 40.fxe3 Qxe3 41.Qa7+ Kf6 42.Qc7 Qe2+ 43.Kh3 Qe7
44.Qb8 Ke5 45.Qh8+ Qf6 46.Qe8+ Kd4 47.Qe6 Qf5+ 48.Kg2 Qc2+ 49.Kh3 Qxb3 50.Qxd6 Qxc4
51.Qxg6 Qxd5 52.Qf6+ Kd3 53.Qf1+ Kc2 54.Qe2+ Kb3 55.Qe3+ Ka4 56.Qe7 Ka3 57.Qe3+ b3
58.Qc1+ Ka2 59.Qe1 Qf5+ 60.Kh2 c4 61.Qb4 Qc2+ 62.Kh3 c3 63.Qa5+ Kb1 64.Qxh5 b2
65.Qf7 Qd3  0-1

[Event "Gran Abierto Mexicano"]
[Site "Morelia MEX"]
[Date "2006.02.19"]
[Round "7"]
[White "Ibarra,J"]
[Black "Lares,M"]
[Result "0-1"]
[WhiteElo "2130"]
[BlackElo "2267"]

1.e4 c5 2.Nf3 Nc6 3.Bb5 d6 4.d4 cxd4 5.Qxd4 Bd7 6.Bxc6 Bxc6 7.Nc3 e5 8.Qd3 Nf6
9.Bg5 Be7 10.Rd1 Qa5 11.Bxf6 Bxf6 12.O-O O-O 13.Nd2 Rad8 14.Nc4 Qc7 15.Ne3 Rd7
16.Ncd5 Qd8 17.f4 exf4 18.Rxf4 Bxb2 19.c3 Ba3 20.Rg4 Bc5 21.Rf1 Bxd5 22.exd5 Re7
23.Rf3 Rxe3 24.Rxe3 Re8 25.Rd4 Rxe3 26.Qxe3 g6 27.Kf1 Kg7 28.Ke2 Qf6 29.Kd3 Bxd4
30.Qxd4 Qxd4+ 31.Kxd4 f5 32.c4 b6 33.a3 Kf6 34.a4 h6 35.g3 g5 36.h4 Kg6 37.hxg5 Kxg5
38.Ke3 Kg4 39.Kf2 f4  0-1

[Event "13th Open Metalis"]
[Site "Bizovac CRO"]
[Date "2006.02.23"]
[Round "1"]
[White "Arbanas,J"]
[Black "Videkovic,M"]
[Result "1-0"]
[WhiteElo "2324"]
[BlackElo "1958"]

1.e4 c5 2.Nf3 Nc6 3.Bb5 a6 4.Bxc6 dxc6 5.h3 Qc7 6.O-O e5 7.d3 h6 8.Re1 Nf6
9.Nbd2 Be6 10.b3 Be7 11.Bb2 Nd7 12.Nf1 O-O 13.Qd2 Rfd8 14.Ng3 b5 15.Nf5 Bxf5
16.exf5 f6 17.Re4 Nb6 18.Rg4 Kh7 19.Re1 Qd7 20.Nh4 c4 21.Bc1 Bf8 22.Re3 cxd3
23.Rxd3 Qc7 24.Ng6 Rxd3 25.Qxd3 Qd6 26.Qf3 Qd5 27.Nxf8+ Rxf8 28.Qe3 Nd7 29.Kh2 c5
30.Qg3 Qf7 31.a4 Rc8 32.axb5 axb5 33.Be3 c4 34.Qh4 Nf8 35.Qg3 cxb3 36.cxb3 Rc3
37.b4 Rb3 38.Qf3 Qd7 39.Qa8 Rxe3 40.fxe3 Kg8 41.Qa2+ Kh8 42.Qc2 Kg8 43.Rg3 Qd6
44.Qb3+ Kh7 45.e4 Qc7 46.Rc3 Qd7 47.Qd5  1-0

[Event "2nd Bundesliga Ost 2005-6"]
[Site "Austria AUT"]
[Date "2006.02.25"]
[Round "8"]
[White "Plachetka,J"]
[Black "Hangweyrer,R"]
[Result "1-0"]
[WhiteElo "2414"]
[BlackElo "2193"]

1.e4 c5 2.Nf3 Nc6 3.Bb5 g6 4.O-O Bg7 5.c3 Nf6 6.Re1 O-O 7.d4 d5 8.e5 Ne4
9.Nbd2 Nxd2 10.Bxd2 Bg4 11.Bxc6 bxc6 12.h3 Bxf3 13.Qxf3 Qb6 14.Bg5 cxd4 15.cxd4 f6
16.exf6 exf6 17.Bf4 Rfe8 18.Qc3 Bf8 19.a3 c5 20.Qf3 Kh8 21.dxc5 Bxc5 22.b4 Bd4
23.Rad1 Re4 24.Rxe4 dxe4 25.Qxe4 Bxf2+ 26.Kf1 Rc8 27.Rd6  1-0

[Event "TCh-CZE Extraliga 2005-6"]
[Site "Czech Rep CZE"]
[Date "2006.02.25"]
[Round "8"]
[White "Ruzicka,P"]
[Black "Klima,L"]
[Result "0-1"]
[WhiteElo "2293"]
[BlackElo "2445"]

1.e4 c5 2.Nf3 Nc6 3.Bb5 g6 4.O-O Bg7 5.Re1 Nf6 6.c3 O-O 7.d4 cxd4 8.cxd4 d5
9.e5 Ne4 10.Nc3 Nxc3 11.bxc3 Na5 12.Bf4 Bf5 13.Qc1 Bg4 14.Nd2 Rc8 15.Re3 a6
16.Bf1 Qd7 17.Nb3 Nc4 18.Bxc4 Rxc4 19.Rg3 b6 20.h3 Bf5 21.Bh6 Rfc8 22.Bxg7 Kxg7
23.Qb2 Qc6 24.Rc1 a5 25.Kh2 a4 26.Nd2 Rxd4 27.Nf3 Rc4 28.Re1 Qe6 29.Nd4 Rxd4
30.cxd4 Rc2 31.Qa3 Rxf2 32.Qxa4 Be4 33.Qb3 Qf5 34.a3 Qf4 35.Rg1 Rd2 36.Qe3 Qxe3
37.Rxe3 Rxd4 38.Rb3 Rd2 39.Rxb6 h5 40.h4 Ra2 41.Rb7 e6 42.Ra7 g5 43.hxg5 Kg6
44.Kg3 Kxg5 45.Rxf7 Rxa3+ 46.Kh2 Ra2 47.Rf8 Re2 48.Kg3 h4+ 49.Kh2 Bf5 50.Rg8+ Kf4
51.Rf1+ Kxe5 52.Kg1 h3 53.gxh3 Bxh3 54.Rf3 Bf5 55.Kf1 Rb2 56.Rgg3 Be4 57.Ra3 Kf4
58.Rgb3 Rh2 59.Ke1 d4 60.Rg3 e5 61.Rh3 Rxh3 62.Rxh3 Bf3 63.Kf2 e4 64.Rh4+ Bg4
65.Rh8 e3+ 66.Ke1 d3 67.Rd8 Ke4 68.Rd6 Bf5 69.Kd1 Ke5 70.Rd8 Be4 71.Ke1 Bd5
72.Kd1 Kd4 73.Ke1 Kc4 74.Rd7 Bc6 75.Rd8 Bb5 76.Rd6 Kc3  0-1

[Event "TCh-CZE Extraliga 2005-6"]
[Site "Czech Rep CZE"]
[Date "2006.02.26"]
[Round "9"]
[White "Jackova,J"]
[Black "Holemar,D"]
[Result "1-0"]
[WhiteElo "2396"]
[BlackElo "2287"]

1.e4 c5 2.Nf3 Nc6 3.Bb5 d6 4.O-O Bd7 5.Re1 Nf6 6.c3 a6 7.Bf1 Bg4 8.d3 g6
9.Nbd2 Bg7 10.h3 Bxf3 11.Nxf3 O-O 12.Be3 Rc8 13.Qd2 Nd7 14.Bh6 e5 15.g3 Re8
16.Bg2 Nf8 17.Nh2 Rc7 18.Ng4 f6 19.h4 Ne6 20.Bxg7 Nxg7 21.Nh6+ Kh8 22.Bf3 Rf8
23.Kg2 Ne7 24.Rh1 Ne6 25.h5 g5 26.Bg4 Ng7 27.Bd1 d5 28.Qe2 Qd6 29.Ng4 Rd7
30.Bb3 Ne6 31.Rae1 Qc6 32.Qf3 c4 33.exd5 Nxd5 34.Bxc4 b5 35.Bxd5 Rxd5 36.Ne3 Rd6
37.Qxc6 Rxc6 38.Nf5 Ng7 39.Nxg7 Kxg7 40.Re4 Rd6 41.Rd1 Rfd8 42.Re3 Kf7 43.g4 Rd5
44.Kf3 R8d7 45.Ke4 Ke6 46.d4 b4 47.Red3 bxc3 48.bxc3 exd4 49.Rxd4 Rxd4+ 50.Rxd4 Rc7
51.Ra4 Rc6 52.c4 Kd6 53.Kd4 Ke6 54.c5 f5 55.f3  1-0

[Event "2nd ch-SCG Women"]
[Site "Tivat SCG"]
[Date "2006.02.26"]
[Round "6"]
[White "Drljevic,L"]
[Black "Maksimovic,S"]
[Result "0-1"]
[WhiteElo "2213"]
[BlackElo "2276"]

1.e4 c5 2.Nf3 Nc6 3.Bb5 Nf6 4.e5 Nd5 5.Nc3 a6 6.Bxc6 dxc6 7.Ne4 Bg4 8.d3 e6
9.a3 Be7 10.c4 Nb6 11.Be3 Nd7 12.d4 O-O 13.h3 Bh5 14.O-O Qc7 15.g4 Bg6 16.Nxc5 Bxc5
17.dxc5 Nxe5 18.Nxe5 Qxe5 19.Qd4 Qxd4 20.Bxd4 f6 21.Rfd1 Rad8 22.Bc3 Rd3
23.Rxd3 Bxd3 24.Rd1 Rd8 25.Ba5 Rd7 26.f3 Kf7 27.Kf2 Ke7 28.Rc1 e5 29.b3 g5
30.h4 gxh4 31.Rh1 Bg6 32.Rxh4 Rd3 33.b4 Rxa3 34.Rh1 Rd3 35.Re1 Rd4 36.Ke3 h5
37.gxh5 Bxh5 38.Rh1 Bf7 39.Rh8 Bxc4 40.Rb8 Rd7 41.Rc8 Ke6 42.Rc7 Rd3+ 43.Kf2 Bd5
44.Rxb7 Rxf3+ 45.Ke1 Bc4 46.Bd8 Bb5 47.Re7+ Kd5 48.Rf7 f5 49.Re7 Re3+ 50.Kd2 f4
51.Bc7 Re2+ 52.Kd1 f3 53.Rd7+ Kc4 54.Rd2 Rxd2+ 55.Kxd2 Kd4  0-1

[Event "2nd ch-SCG"]
[Site "Pancevo SCG"]
[Date "2006.02.28"]
[Round "2"]
[White "Perunovic,Mil"]
[Black "Vuckovic,Bo"]
[Result "1/2-1/2"]
[WhiteElo "2508"]
[BlackElo "2506"]

1.e4 c5 2.Nf3 Nc6 3.Bb5 d6 4.O-O Bd7 5.Re1 Nf6 6.d3 g6 7.Nc3 Bg7 8.Bxc6 Bxc6
9.e5 dxe5 10.Nxe5 Bd5 11.Bg5 O-O 12.Qd2 Re8 13.Bh6 Bh8 14.Qg5 b6 15.Nxd5  1/2-1/2

[Event "ch-LAT"]
[Site "Riga LAT"]
[Date "2006.03.01"]
[Round "3"]
[White "Starostits,I"]
[Black "Sveshnikov,E"]
[Result "1-0"]
[WhiteElo "2493"]
[BlackElo "2503"]

1.e4 c5 2.Nf3 Nc6 3.Bb5 e6 4.O-O Nge7 5.Nc3 Ng6 6.d4 cxd4 7.Nxd4 Be7 8.Be3 O-O
9.f4 a6 10.Bxc6 bxc6 11.Qh5 c5 12.Nb3 f5 13.Nxc5 Qb6 14.N3a4 Qc6 15.e5 Rb8
16.Qf3 Qc7 17.b3 d6 18.exd6 Bxd6 19.Rad1 Nh4 20.Qe2 e5 21.fxe5 Bxe5 22.Qc4+  1-0

[Event "Masters"]
[Site "Bruges BEL"]
[Date "2006.03.02"]
[Round "8"]
[White "Hamelink,D"]
[Black "Zozulia,A"]
[Result "1/2-1/2"]
[WhiteElo "2181"]
[BlackElo "2366"]

1.e4 c5 2.Nf3 Nc6 3.Bb5 d6 4.O-O Bd7 5.Re1 Nf6 6.c3 a6 7.Bf1 Bg4 8.h3 Bh5
9.d3 e6 10.Nbd2 Be7 11.b3 Nd7 12.Bb2 O-O 13.d4 cxd4 14.cxd4 d5 15.exd5 exd5
16.Be2 Bg6 17.Nf1 Rc8 18.Ne3 Bb4 19.Rf1 Nf6 20.a3 Bd6 21.Ne5 Re8 22.Nxg6 hxg6
23.Bf3 Bb8 24.Re1 Ne4 25.b4 Qd6 26.Nf1 Ng5 27.Qb3 Nxf3+ 28.Qxf3 Ne7 29.g3 Nf5
30.Ne3 Nxe3 31.Rxe3 Rxe3 32.Qxe3 Qf6 33.Qe2 Qe6 34.Qxe6 fxe6 35.Rc1 Rf8 36.Kg2 Kf7
37.h4 Ke7 38.f4 Kd7 39.Kf3 Bd6 40.Ke3 Ra8 41.Bc3 b5 42.Rb1 Rc8 43.Kd3 Rc4
44.Rb2 Ke7 45.Rb3 Kf6 46.Ke3 Bc7 47.g4 Ke7 48.Kf3 Bb6 49.Ke3 Kd7 50.Kd3 Rc8
51.Rb1 Rh8 52.Rh1 Bd8 53.g5 Bc7 54.Bd2 Bd6 55.Bc1 Rf8 56.Rf1 Rc8 57.Bd2 Rf8
58.Rf2 Rf7 59.Rf1 e5 60.dxe5 Rf8 61.Bc1 Bxe5 62.Be3 Bc7 63.Rf2 Ke6 64.Rc2 Kd7
65.Rf2 Re8  1/2-1/2

[Event "1st ONGC Cup"]
[Site "Hyderabad IND"]
[Date "2006.03.02"]
[Round "7"]
[White "Gokhale,C"]
[Black "Sharma,Vi"]
[Result "1/2-1/2"]
[WhiteElo "2368"]
[BlackElo "2225"]

1.e4 c5 2.Nf3 Nc6 3.Bb5 g6 4.O-O Bg7 5.Bxc6 dxc6 6.d3 Nf6 7.Nc3 O-O 8.h3 Nd7
9.Bg5 Re8 10.Qd2 f6 11.Bh6 e5 12.Nh2 Nf8 13.Bxg7 Kxg7 14.f4 Be6 15.fxe5 fxe5
16.Nf3 Nd7 17.Nd1 Qe7 18.Qc3 Qd6 19.Ne3 b5 20.b3 Rf8 21.Kh2 a5 22.a4 b4 23.Qb2 Rf6
24.Ng5 Qd4 25.Nxe6+ Rxe6 26.Qc1 Rf6 27.Ng4 Rf4 28.g3 Rxf1 29.Qh6+ Kg8 30.Rxf1 Rf8
31.Rxf8+ Nxf8 32.Qg5 h5 33.Nh6+ Kh7 34.Qe7+ Kxh6 35.Qxf8+ Kh7 36.Qf7+  1/2-1/2

[Event "ch-USA GpB"]
[Site "San Diego USA"]
[Date "2006.03.02"]
[Round "1"]
[White "West,V"]
[Black "Kreiman,B"]
[Result "0-1"]
[WhiteElo "2083"]
[BlackElo "2478"]

1.e4 c5 2.Nf3 Nc6 3.Bb5 g6 4.O-O Bg7 5.Re1 e5 6.c3 Nge7 7.d4 cxd4 8.cxd4 exd4
9.Nbd2 O-O 10.Nb3 Qb6 11.Bc4 d6 12.Bf4 Ne5 13.Be2 Nxf3+ 14.Bxf3 Be6 15.Nd2 Be5
16.Bg5 Nc6 17.b3 Rac8 18.Rb1 Qa6 19.Be2 d3 20.Bf1 Nb4 21.Re3 Qxa2 22.Bxd3 Nc2
23.Re2 Nd4 24.Re1 Qa5 25.f4 Bg7 26.Nc4 Qc7 27.Ne3 Qb6 28.b4 Ba2 29.Kh1 Ne6
30.Nd5 Bxd5 31.exd5 Nxg5 32.fxg5 Qd4 33.Qf3 Rc3 34.Red1 Re8 35.Qf1 Qh4 36.Bb5 Be5
37.Qg1 Rec8 38.Be2 Qxg5 39.Qxa7 Re3 40.Qxb7 Rf8 41.Bf1 Qh4 42.h3 Qf4 43.Kg1 Rxh3  0-1

[Event "ch-LAT"]
[Site "Riga LAT"]
[Date "2006.03.03"]
[Round "5"]
[White "Antoms,G"]
[Black "Tronenkovs,V"]
[Result "1/2-1/2"]
[WhiteElo "2436"]
[BlackElo "2261"]

1.e4 c5 2.Nf3 Nc6 3.Bb5 g6 4.O-O Bg7 5.Re1 e5 6.c3 Nge7 7.Na3 O-O 8.Nc2 a6
9.Bxc6 dxc6 10.d4 cxd4 11.cxd4 exd4 12.Ncxd4 c5 13.Nb3 Qc7 14.Qc2 b6 15.h3 Nc6
16.Bd2 a5 17.a3 Ne5 18.Nxe5 Bxe5 19.Bc3  1/2-1/2

[Event "TCh-NED 2005-6"]
[Site "Netherlands NED"]
[Date "2006.03.04"]
[Round "7"]
[White "Adams,Mi"]
[Black "Cardon,H"]
[Result "1-0"]
[WhiteElo "2707"]
[BlackElo "2397"]

1.e4 c5 2.Nf3 Nc6 3.Bb5 d6 4.O-O Bd7 5.Re1 a6 6.Bxc6 Bxc6 7.d4 cxd4 8.Nxd4 e6
9.c4 Rc8 10.Nc3 Be7 11.Qb3 Nf6 12.Bf4 O-O 13.Nxc6 bxc6 14.Rad1 Qc7 15.c5 e5
16.cxd6 Bxd6 17.Bg5 Be7 18.h3 Rfd8 19.Be3 Rb8 20.Rxd8+ Qxd8 21.Qc2 Qa5 22.a3 Nd7
23.Rc1 h6 24.Qd2 Qd8 25.Na4 Qc7 26.Rc3 Qb7 27.b4 Nf8 28.Qc2 a5 29.bxa5 Qb5
30.Bc5 Bd8 31.Bd6 Qb1+ 32.Kh2 Qxc2 33.Rxc2 Ra8 34.Rxc6 Bxa5 35.Nb6 Ra6 36.Nd5 Rxc6
37.Ne7+ Kh7 38.Nxc6  1-0

[Event "2nd ch-SCG"]
[Site "Pancevo SCG"]
[Date "2006.03.04"]
[Round "6"]
[White "Savic,Miod1"]
[Black "Vuckovic,Bo"]
[Result "1-0"]
[WhiteElo "2517"]
[BlackElo "2506"]

1.e4 c5 2.Nf3 Nc6 3.Bb5 d6 4.O-O Bd7 5.Re1 Nf6 6.c3 a6 7.Bf1 Bg4 8.h3 Bxf3
9.Qxf3 g6 10.Qd1 Qb6 11.Na3 Bg7 12.Nc4 Qc7 13.d3 O-O 14.Bf4 Nd7 15.Rc1 b5
16.Ne3 Qb7 17.Qd2 Nb6 18.Bg3 a5 19.h4 a4 20.a3 Na5 21.Qd1 Nb3 22.Rc2 b4 23.h5 bxa3
24.bxa3 Nc8 25.Qg4 Na7 26.hxg6 hxg6 27.f4 Nb5 28.f5 Nxa3 29.Rf2 Qd7 30.c4 Bc3
31.Rd1 Nd2 32.Rfxd2 Bxd2 33.Rxd2 Nb1 34.Ra2 a3 35.Nd5 Rfb8 36.Qg5  1-0

[Event "U20ch-RUS w"]
[Site "Cheboksary RUS"]
[Date "2006.03.06"]
[Round "5"]
[White "Tairova,E"]
[Black "Malysheva,P"]
[Result "1-0"]
[WhiteElo "2294"]
[BlackElo "2294"]

1.e4 c5 2.Nf3 Nc6 3.Bb5 g6 4.O-O Bg7 5.Re1 Nf6 6.e5 Nd5 7.Nc3 Nc7 8.Bxc6 dxc6
9.Ne4 b6 10.d3 O-O 11.h3 Ne6 12.Bd2 Qc7 13.Qc1 f5 14.exf6 exf6 15.Bh6 Bd7
16.Bxg7 Kxg7 17.Qd2 g5 18.d4 cxd4 19.Nxd4 Nf4 20.Ne2 Ng6 21.N2g3 Nf4 22.Nd6 Nd5
23.Ndf5+ Kh8 24.c4 Nf4 25.Re7 Rad8 26.Rd1 Bxf5 27.Rxc7 Rxd2 28.Rxd2  1-0

[Event "2nd ch-SCG"]
[Site "Pancevo SCG"]
[Date "2006.03.06"]
[Round "8"]
[White "Savic,Miod1"]
[Black "Tadic,B"]
[Result "1-0"]
[WhiteElo "2517"]
[BlackElo "2491"]

1.e4 c5 2.Nf3 Nc6 3.Bb5 Na5 4.O-O a6 5.Be2 d6 6.c3 Nf6 7.e5 dxe5 8.Nxe5 Nd7
9.Nf3 Nf6 10.d4 cxd4 11.Nxd4 e5 12.Nf3 Qxd1 13.Rxd1 Nc6 14.Nbd2 e4 15.Ng5 Bf5
16.Re1 Ne5 17.Nc4 Nxc4 18.Bxc4 Bg6 19.Be3 h6 20.Nh3 Rc8 21.Bb3 Rd8 22.Bb6 Rd6
23.Ba4+ Nd7 24.Bc7 Rd2 25.Rad1 Rxd1 26.Rxd1 b5 27.Bc2 Bc5 28.b4 Ba7 29.Nf4 Bxf2+
30.Kf1 Bh7 31.Kxf2 e3+ 32.Kxe3 Bxc2 33.Rd6 g5 34.Nd5 Bf5 35.Rxa6 Kf8 36.Ra8+ Kg7
37.Rxh8 Kxh8 38.c4 bxc4 39.Kd4 Be6 40.Nc3  1-0

[Event "XXII Open"]
[Site "Reykjavik ISL"]
[Date "2006.03.06"]
[Round "1"]
[White "Sutovsky,E"]
[Black "Krockenberger,M"]
[Result "1-0"]
[WhiteElo "2624"]
[BlackElo "2267"]

1.e4 c5 2.Nf3 Nc6 3.Bb5 g6 4.Bxc6 dxc6 5.d3 Bg7 6.h3 Nf6 7.Nc3 Nd7 8.Be3 e5
9.Qd2 Qe7 10.Bh6 f6 11.Bxg7 Qxg7 12.Nh2 Nf8 13.f4 exf4 14.Qxf4 Ne6 15.Qf2 Nd4
16.Nf3 Nxf3+ 17.gxf3 Qe7 18.O-O-O Be6 19.f4 O-O-O 20.f5 Bd7 21.h4 b6 22.Rhf1 Rhf8
23.Qf4 Rde8 24.Rf2 Qe5 25.fxg6 hxg6 26.Rg1 Qh5 27.Qd6 Qh6+ 28.Kb1 f5 29.a4 Qxh4
30.Rh2 Qf6 31.Rxg6 Qxd6 32.Rxd6 Re6 33.Rxe6 Bxe6 34.Rh6 Bd7 35.b3 Kc7 36.Kc1 Rf7
37.Rg6 fxe4 38.dxe4 Rf1+ 39.Kd2 Rf2+ 40.Ne2 Rf7 41.Ke3 Rh7 42.Nf4 Re7 43.Rg5 a5
44.e5 Bc8 45.Ke4 Bd7 46.Rg6 Bc8 47.Rg8 Rf7 48.e6 Rxf4+ 49.Kxf4 Bxe6 50.Rg6 Bh3
51.Rh6 Bd7 52.c4 b5 53.Rh7 bxa4 54.bxa4 Kd6 55.Ke3 Be6 56.Rh6 Ke5 57.Kd3 Bf5+
58.Kc3 Bd7 59.Rg6 Be6 60.Rg7 Kd6 61.Ra7 Bc8 62.Rxa5 Bb7 63.Kd3 Bc8 64.Ra7  1-0

[Event "ch-EST"]
[Site "Tallinn EST"]
[Date "2006.03.06"]
[Round "3"]
[White "Sepp,O"]
[Black "Schuls,O"]
[Result "1-0"]
[WhiteElo "2464"]
[BlackElo "2267"]

1.e4 c5 2.Nf3 Nc6 3.Bb5 d6 4.O-O Bd7 5.Re1 Nf6 6.c3 a6 7.Bf1 Bg4 8.h3 Bh5
9.d3 e6 10.g4 Bg6 11.Nh4 e5 12.f4 exf4 13.Bxf4 Be7 14.Nd2 O-O 15.Ndf3 d5
16.Nf5 Bxf5 17.gxf5 b5 18.Bh2 dxe4 19.dxe4 Qb6 20.Kh1 Rad8 21.Qc2 Rfe8 22.e5 Nd5
23.Rad1 c4 24.Qe4 Nc7 25.b3 cxb3 26.axb3 b4 27.cxb4 Bxb4 28.Rxd8 Rxd8 29.Rc1 Ne7
30.e6 Bd6 31.exf7+ Kh8 32.Bc4 Qc5 33.Rd1 Nxf5 34.Bxd6 Ng3+ 35.Kg2  1-0

[Event "38th 8th March WGM"]
[Site "Belgrade SCG"]
[Date "2006.03.08"]
[Round "3"]
[White "Stojanovic,Mari"]
[Black "Chelushkina,I"]
[Result "1/2-1/2"]
[WhiteElo "2187"]
[BlackElo "2312"]

1.e4 c5 2.Nf3 Nc6 3.Bb5 g6 4.O-O Bg7 5.d3 a6 6.Bxc6 dxc6 7.Nc3 e5 8.Be3 b6
9.Na4 a5 10.Re1 Ne7 11.a3 Rb8 12.h3 O-O 13.Qd2 Re8 14.Nc3 Bd7 15.Bh6 Bh8
16.Nh2 Nc8 17.f4 Nd6 18.fxe5 Bxe5 19.Bf4 f6 20.Nf3 Nf7 21.d4 cxd4 22.Nxd4 Qe7
23.Rad1 Red8 24.Qf2 Be8 25.Rf1 b5 26.Bxe5 fxe5 27.Nb3 b4 28.axb4 axb4 29.Na4 Rxd1
30.Rxd1 Rd8 31.Rxd8 Qxd8 32.Qd2 Qh4 33.Qxb4 Ng5 34.Nac5 Qg3 35.Kh1 Qf2 36.Qd2 Qf1+
37.Kh2 Qf6 38.Qe3 Bf7 39.Nd2 Be6 40.Nf3 Nf7 41.Nxe6 Qxe6 42.Ng5 Nxg5 43.Qxg5 Kg7
44.Qe3 h5 45.Qg5 Qd6 46.c3 Kf7 47.b4 Qe6 48.Qd8 Kg7 49.Qb6 Qf7 50.Qe3 Qc4
51.Qf3 Kh7 52.Qe3 Kg7 53.Qf3 Kh7 54.Qe3  1/2-1/2

[Event "FSGM March"]
[Site "Budapest HUN"]
[Date "2006.03.08"]
[Round "5"]
[White "Prohaszka,P2"]
[Black "Fogarasi,T"]
[Result "1-0"]
[WhiteElo "2344"]
[BlackElo "2481"]

1.e4 c5 2.Nf3 Nc6 3.Bb5 Na5 4.O-O a6 5.Be2 d6 6.d4 cxd4 7.Nxd4 Nf6 8.Nc3 g6
9.f4 Bg7 10.e5 dxe5 11.fxe5 Nd5 12.Nxd5 Qxd5 13.Nf5 Qxd1 14.Nxg7+ Kf8 15.Ne6+ Bxe6
16.Bh6+ Ke8 17.Raxd1 Rc8 18.Rd2 Rg8 19.h4 Rd8 20.Rfd1 Rxd2 21.Rxd2 Nc6 22.Bf3 Nxe5
23.Bxb7 f6 24.Bf4 Kf7 25.Bxe5 fxe5 26.Bd5 Bxd5 27.Rxd5 Rc8 28.c3 Ke6 29.Ra5 Rc6
30.Kf2 Kf5 31.Kf3 h5 32.Ra4 g5 33.hxg5 Kxg5 34.Rb4 Kf5 35.Rh4 Kg5 36.g3 Rd6
37.Ke2 Rc6 38.c4 a5 39.b3 Rc8 40.Ke3 Rc6 41.Ke4 Rc5 42.Rh2 Kg4 43.Rh4+ Kg5
44.Rh2 Kg4 45.Rh1 e6 46.Rh4+ Kg5 47.Rh2 Kg4 48.Rh1 a4 49.Rh4+ Kg5 50.Ke3 axb3
51.axb3 Ra5 52.Kd3 Ra1 53.Re4 Kf5 54.Re3 Rd1+ 55.Ke2 Rd8 56.Rc3 e4 57.c5 Ke5
58.c6  1-0